000 01913cad a22002175a 4500
001 L145009
008 080901e20080829xxkad f s f000 0 eng d
035 _a(Sirsi) u145009
041 0 _aeng
050 0 4 _a333.73 $2 18
110 2 _aUnited Kingdom
_bDepartment for Communities and Local Government
_94939
245 0 0 _aPreviously-developed land that may be available for development
_bEngland 2007
_h[electronic resource]
260 _aLondon
_bDCLG
_c2008
505 2 _aPreviously-developed land that is unused or may be available for redevelopment in 2007 -- Trends 2002 to 2007 -- Ownership - local authority, other public sector or private -- Location in an urban settlement, urban fringe or rural area -- Flows between 2006 and 2007 -- Planning status, suitability for housing, housing capacity and density, by region -- Annex tables: district authorities and national parks making returns by region; raw totals from 2007 returns as percentage of final estimates by land type and region; percentage of final estimates from 2006/05/04/03 returns by land type and region; contribution from grossing for incomplete assessments as a percentage of final estimates by land type and region; imputed values as a percentage of final estimates by land type and region
520 _aSets out details of brownfield land that is known to be suitable for development. In 2007, an estimated 62 130 hectares were available, down 1% from the 2006 figures. Of this, 33 600 hectares were vacant or derelict (54%) with the remaining proportion in use, but with the potential for redevelopment.
521 _aAdvanced
651 4 _aEngland and Wales
_y1543-
690 _aPROPERTY-PROPERTY DEVELOPMENT-SUSTAINABLE PROPERTY DEVELOPMENT
856 4 0 _uhttps://www.communities.gov.uk/publications/corporate/statistics/previouslydevelopedland2007
_zView the item free of charge online at www.communities.gov.uk...
942 _n0
999 _c108669
_d108669